Logo BPK

Biblioteka

Politechniki Koszalińskiej

Ludność i gospodarstwa domowe związane z rolnictwem : (Rekord nr 35444)

Szczegóły MARC
000 -ETYKIETA REKORDU
podpole kontrolne o stałej długości 01148nam a2200301 i 4500
001 - NUMER KONTROLNY REKORDU
pole kontrolne bg
020 ## - MIĘDZYNARODOWY ZNORMALIZOWANY NUMER KSIĄŻKI - ISBN
ISBN 8388718312
040 ## - ŹRÓDŁO KATALOGOWANIA
Instytucja, która utworzyła rekord BPK
041 0# - KOD JĘZYKA
Kod języka tekstu pol
080 ## - UNIWERSALNA KLASYFIKACJA DZIESIĘTNA - UKD
UKD 314:330.567.2:631.1](438)(083.41)
920 ## - Międzynarodowy znormalizowany numer książki – ISBN
ISBN 83-88718-31-2
008 - POLE O STAŁEJ DŁUGOŚCI - DANE KONTROLNE
podpole kontrolne o stałej długości s pl f |000 0 pol
100 1# - NAZWA OSOBOWA
Nazwa osobowa SZOŁACH, Barbara
245 10 - TYTUŁ/ODPOWIEDZIALNOŚĆ
Tytuł Ludność i gospodarstwa domowe związane z rolnictwem :
Ciąg dalszy tytułu województwo Zachodniopomorskie /
Pozostałe elementy strefy tytułu i oznaczenia odpowiedzialności Barbara Szołach, Joanna Gałęza, Mariola Maj.
260 ## - STREFA ADRESU WYDAWNICZEGO
Miejsce wydania Szczecin :
Nazwa wydawcy/dystrybutora Urząd Statystyczny,
Data publikacji, dystrybucji/powstania dokumentu 2003.
300 ## - STREFA OPISU FIZYCZNEGO
Objętość 358 s. :
Inne cechy fizyczne wykr. ;
Rozmiary 24 cm.
490 1# - STREFA SERII I DOKUMENTU WIELOCZĘŚCIOWEGO - FORMA NIE DO WYSZUKIWANIA
Tytuł i oznaczenie odpowiedzialności serii Narodowy Spis Powszechny Ludności i Mieszkań, Powszechny Spis Rolny 2002
650 #9 - HASŁO PRZEDMIOTOWE W FORMIE NAZWY OGÓLNEJ LUB JEDNOSTKOWEJ
Nazwa ogólna lub geograficzna Ludność
Określnik geograficzny Polska
Określnik chronologiczny stan na 2002 r.
650 #9 - HASŁO PRZEDMIOTOWE W FORMIE NAZWY OGÓLNEJ LUB JEDNOSTKOWEJ
Nazwa ogólna lub geograficzna Budżety rodzinne
Określnik geograficzny Polska
Określnik chronologiczny stan na 2002 r.
650 #9 - HASŁO PRZEDMIOTOWE W FORMIE NAZWY OGÓLNEJ LUB JEDNOSTKOWEJ
Nazwa ogólna lub geograficzna Gospodarstwo domowe
Określnik geograficzny Polska
Określnik chronologiczny stan na 2002 r.
650 #9 - HASŁO PRZEDMIOTOWE W FORMIE NAZWY OGÓLNEJ LUB JEDNOSTKOWEJ
Nazwa ogólna lub geograficzna Rolnictwo
Określnik geograficzny Polska
Określnik chronologiczny stan na 2002 r.
650 #9 - HASŁO PRZEDMIOTOWE W FORMIE NAZWY OGÓLNEJ LUB JEDNOSTKOWEJ
Nazwa ogólna lub geograficzna Spis powszechny
Określnik geograficzny Polska
Określnik chronologiczny stan na 2002 r.
700 1# - HASŁO DODATKOWE - NAZWA OSOBOWA
Nazwa osobowa GAŁĘZA, Joanna
700 1# - HASŁO DODATKOWE - NAZWA OSOBOWA
Nazwa osobowa MAJ, Mariola
710 #0 - HASŁO DODATKOWE - NAZWA CIAŁA ZBIOROWEGO
Nazwa ciała zbiorowego lub jednostki geograficznej Urząd Statystyczny (Szczecin)
830 ## - HASŁO DODATKOWE SERII LUB DOKUMENTU WIELOCZĘŚCIOWEGO - TYTUŁ UJEDNOLICONY
Tytuł ujednolicony Narodowy Spis Powszechny Ludności i Mieszkań, Powszechny Spis Rolny 2002
856 ## - LOKALIZACJA I DOSTĘP DO ELEKTRONICZNYCH DOKUMENTÓW ZDALNYCH
Link (URL) http://koha.tu.koszalin.pl/cgi-bin/koha/opac-detail.pl?biblionumber=35444
Tekst linku Katalog online BPK
942 ## - DODATKOWE ELEMENTY (KOHA)
Typ dokumentu Książka
Egzemplarze
Wycofany Status egzemplarza Uszkodzony Dostępność Lokalizacja stała Lokalizacja bieżąca Miejsce przechowywania Sygnatura Kod kreskowy Typ dokumentu
      Dostępny Biblioteka Politechniki Koszalińskiej Biblioteka Politechniki Koszalińskiej Wypożyczalnia BG S 164 02150840 Książka
© 2023 Biblioteka Politechniki Koszalińskiej :: KOHA